| 000 | 00458nam a22001937a 4500 | ||
|---|---|---|---|
| 005 | 20250207165457.0 | ||
| 008 | 230419b2004 |||||||| |||| 00| 0 spa d | ||
| 020 | _a9788425338519 | ||
| 041 | _aESP | ||
| 082 | _aR 423 C725c | ||
| 245 | _aDiccionario Pocket plus inglés-español | ||
| 260 | _aEspaña | ||
| 260 | _bGrijalbo | ||
| 260 | _c2004 | ||
| 300 | _a792 páginas | ||
| 650 | _aDICCIONARIOS | ||
| 650 | _aINGLÉS-ESPAÑOL | ||
| 942 |
_cREF _2ddc |
||
| 999 |
_c13510 _d13510 |
||